Writing Fiction: Big Dreams, Tall Ambitions. (Grade3-5). (Record no. 24276)
[ view plain ]
| 000 -LEADER | |
|---|---|
| fixed length control field | 00644nam a22002177a 4500 |
| 003 - CONTROL NUMBER IDENTIFIER | |
| control field | OSt |
| 005 - DATE AND TIME OF LATEST TRANSACTION | |
| control field | 20260615115040.0 |
| 008 - FIXED-LENGTH DATA ELEMENTS--GENERAL INFORMATION | |
| fixed length control field | 260615b |||||||| |||| 00| 0 eng d |
| 020 ## - INTERNATIONAL STANDARD BOOK NUMBER | |
| International Standard Book Number | 0 325 00862 0 |
| 040 ## - CATALOGING SOURCE | |
| Transcribing agency | Chuka University. |
| 050 ## - LIBRARY OF CONGRESS CALL NUMBER | |
| Classification number | PN 3378 |
| Item number | .C35 2006 |
| 100 ## - MAIN ENTRY--PERSONAL NAME | |
| Personal name | Calkins Lucy |
| 9 (RLIN) | 27666 |
| 245 ## - TITLE STATEMENT | |
| Title | Writing Fiction: Big Dreams, Tall Ambitions. (Grade3-5). |
| 260 ## - PUBLICATION, DISTRIBUTION, ETC. | |
| Place of publication, distribution, etc. | Portsmouth. |
| Name of publisher, distributor, etc. | Firsthand;Heinemann. |
| Date of publication, distribution, etc. | 2006. |
| 300 ## - PHYSICAL DESCRIPTION | |
| Extent | 191p. |
| 650 ## - SUBJECT ADDED ENTRY--TOPICAL TERM | |
| Topical term or geographic name entry element | Fiction...Authorship. |
| 9 (RLIN) | 29174 |
| 650 ## - SUBJECT ADDED ENTRY--TOPICAL TERM | |
| Topical term or geographic name entry element | Creative Writing. |
| 9 (RLIN) | 27667 |
| 650 ## - SUBJECT ADDED ENTRY--TOPICAL TERM | |
| Topical term or geographic name entry element | English Fiction...Technique. |
| 9 (RLIN) | 29175 |
| 650 ## - SUBJECT ADDED ENTRY--TOPICAL TERM | |
| Topical term or geographic name entry element | Storytelling. |
| 9 (RLIN) | 27991 |
| 942 ## - ADDED ENTRY ELEMENTS (KOHA) | |
| Source of classification or shelving scheme | Library of Congress Classification |
| Koha item type | Long Loan Books |
| Suppress in OPAC | No |
| Withdrawn status | Lost status | Source of classification or shelving scheme | Damaged status | Not for loan | Collection | Home library | Current library | Shelving location | Date acquired | Total Checkouts | Full call number | Barcode | Date last seen | Copy number | Cost, replacement price | Price effective from | Koha item type |
|---|---|---|---|---|---|---|---|---|---|---|---|---|---|---|---|---|---|
| Library of Congress Classification | General Collection Books | Main Campus Library | Main Campus Library | General Stacks | 15/06/2026 | PN 3378 .C35 2006 | 34419/2026 | 02/07/2026 | C.2 | 849.26 | 15/06/2026 | Long Loan Books | |||||
| Library of Congress Classification | General Collection Books | Main Campus Library | Main Campus Library | General Stacks | 15/06/2026 | PN 3378 .C35 2006 | 34418/2026 | 15/06/2026 | C.1 | 849.26 | 15/06/2026 | Long Loan Books | |||||
| Library of Congress Classification | General Collection Books | Main Campus Library | Main Campus Library | General Stacks | 15/06/2026 | PN 3378 .C35 2006 | 34417/2026 | 15/06/2026 | C.3 | 849.26 | 15/06/2026 | Long Loan Books |
